01376cam a2200349 a 4500999001700000001000900017003000400026005001700030008004100047010001700088020002800105035002200133035001400155040001800169042000800187043001200195050002500207082002100232100003400253245010700287260005400394300004600448440004700494600002500541650006200566650006300628651004500691856007500736906004500811942004400856952012600900 c27673d2767312685768OSt20170209155343.0020220s2002 waua 000 0 eng  a 2002024559 a0295982071 (alk. paper) a(DLC) 2002024559 a(DLC)1699 aDLCcDLCdDLC apcc aa-ii---00aNA1508.C44 .P73 200200a720/.954/5522211 aPrakash, Vikramaditya.d2002-10aChandigarh's Le Corbusier :bthe struggle for modernity in postcolonial India /cVikramaditya Prakash. aSeattle :bUniversity of Washington Press,c2002. avii, 178 p. :bill. (some col.) ;c26 cm. 0aStudies in modernity and national identity00aLe Corbusier,d2002. 0aArchitecturezIndiazChandīgarhxHistoryy20th century. 0aCity planningzIndiazChandīgarhxHistoryy20th century. 0aChandīgarh (India)xSocial conditions.413Table of contentsuhttp://www.loc.gov/catdir/toc/fy036/2002024559.html a7bcbccorignewd1eocipf20gy-gencatlg 2lcccBOOKShNA1508.C44 .P73 2002k35426 00102lcc4070aMUCbMUCcTECHd2017-02-09eDonation(BFA)l0oNA1508.C44 .P73 2002p35426r2018-07-10w2017-02-09yBOOKS